Agricultural Law Association (Record no. 120655)

MARC details
000 -LEADER
fixed length control field 01151cai a22001815a 4500
001 - CONTROL NUMBER
control field L143110
008 - FIXED-LENGTH DATA ELEMENTS--GENERAL INFORMATION
fixed length control field 080408u xxk f 000 0 eng d
035 ## - SYSTEM CONTROL NUMBER
System control number (Sirsi) u143110
041 0# - LANGUAGE CODE
Language code of text/sound track or separate title eng
110 2# - MAIN ENTRY--CORPORATE NAME
Corporate name or jurisdiction name as entry element Agricultural Law Association
9 (RLIN) 1958
245 00 - TITLE STATEMENT
Title Agricultural Law Association
Medium [electronic resource]
520 ## - SUMMARY, ETC.
Summary, etc. Website for the Agricultural Law Association providing services for rural professionals including lawyers, surveyors, accountants, bankers and farm business consultants. Includes a current news section and a diary of current events. Presents a section dealing with the reform of rural tenancies. Contains an editorial blog. Enables site users to search for ALA members. Members' section contains further details including regulations and other documents relating to the Common Agricultural Policy single payment scheme as well as a library of case law.
651 #4 - SUBJECT ADDED ENTRY--GEOGRAPHIC NAME
Geographic name United Kingdom
Chronological subdivision
690 ## - LOCAL SUBJECT ADDED ENTRY--TOPICAL TERM (OCLC, RLIN)
Topical term or geographic name as entry element PROPERTY-RURAL AND NATURAL ASSETS
690 ## - LOCAL SUBJECT ADDED ENTRY--TOPICAL TERM (OCLC, RLIN)
Topical term or geographic name as entry element ENVIRONMENTAL AND LAND CONSULTANCY
856 40 - ELECTRONIC LOCATION AND ACCESS
Uniform Resource Identifier <a href="https://www.ala.org.uk/mod.php?mod=userpage&menu=13&page_id=16">https://www.ala.org.uk/mod.php?mod=userpage&menu=13&page_id=16</a>
Public note View the website free of charge at www.ala.org.uk...
942 ## - ADDED ENTRY ELEMENTS (KOHA)
Suppress in OPAC 0
Holdings
Withdrawn status Lost status Source of classification or shelving scheme Damaged status Not for loan Home library Current library Shelving location Date acquired Total Checkouts Full call number Barcode Date last seen Copy number Price effective from Koha item type
    Dewey Decimal Classification     Virtual Virtual Online 08/04/2008   ONLINE PUBLICATION 143110-1001 06/08/2019 1 06/08/2019 Online material